English Farmland Market Review (Record no. 121034)
[ view plain ]
| 000 -LEADER | |
|---|---|
| fixed length control field | 00666cai a22001815a 4500 |
| 001 - CONTROL NUMBER | |
| control field | L158634 |
| 008 - FIXED-LENGTH DATA ELEMENTS--GENERAL INFORMATION | |
| fixed length control field | 150515u2015 xxk g 000 0 eng d |
| 035 ## - SYSTEM CONTROL NUMBER | |
| System control number | (Sirsi) u158634 |
| 041 0# - LANGUAGE CODE | |
| Language code of text/sound track or separate title | eng |
| 110 2# - MAIN ENTRY--CORPORATE NAME | |
| Corporate name or jurisdiction name as entry element | Strutt & Parker |
| 9 (RLIN) | 2509 |
| 245 00 - TITLE STATEMENT | |
| Title | English Farmland Market Review |
| 520 ## - SUMMARY, ETC. | |
| Summary, etc. | Quarterly publication gives facts and information about farmland in England including land prices, supply of land and average size of a farm for sale. |
| 590 ## - LOCAL NOTE (RLIN) | |
| Local note | KA |
| 651 #4 - SUBJECT ADDED ENTRY--GEOGRAPHIC NAME | |
| Geographic name | England |
| 690 ## - LOCAL SUBJECT ADDED ENTRY--TOPICAL TERM (OCLC, RLIN) | |
| Topical term or geographic name as entry element | Rural |
| 9 (RLIN) | 6268 |
| 856 40 - ELECTRONIC LOCATION AND ACCESS | |
| Uniform Resource Identifier | <a href="https://www.struttandparker.com/publications-and-research/research">https://www.struttandparker.com/publications-and-research/research</a> |
| Public note | View the reports free of charge at www.struttandparker.com |
| 942 ## - ADDED ENTRY ELEMENTS (KOHA) | |
| Suppress in OPAC | 0 |
| Withdrawn status | Lost status | Source of classification or shelving scheme | Damaged status | Not for loan | Home library | Current library | Shelving location | Date acquired | Total Checkouts | Full call number | Barcode | Date last seen | Copy number | Price effective from | Koha item type |
|---|---|---|---|---|---|---|---|---|---|---|---|---|---|---|---|
| Dewey Decimal Classification | Virtual | Virtual | Online | 15/05/2015 | ONLINE PUBLICATION | L158634 | 06/08/2019 | 1 | 06/08/2019 | Online material |